Series más vistas en Netflix. - Estadísticas

Estadísticas generales
  • Esta prueba ha sido intentada 1.479 veces
  • La puntuación promedio es 5 de 15
Estadísticas de respuestas
Horas vistas Temporada Serie % Correcto
1.352.090.000 Temporada 4 Stranger Things
81%
582.100.000 Temporada 3 Stranger Things
81%
792.230.000 Temporada 5 La Casa de Papel
78%
619.010.000 Temporada 4 La Casa de Papel
78%
1.650.450.000 Temporada 1 El Juego del Calamar
58%
656.260.000 Temporada 2 Los Bridgerton
23%
625.490.000 Temporada 1 Los Bridgerton
23%
1.237.120.000 Temporada 1 Miércoles
23%
496.120.000 Temporada 2 Por 13 razones
11%
569.480.000 Temporada 5 Lucifer
10%
541.010.000 Temporada 1 The Witcher
9%
856.220.000 Dahmer
7%
560.780.000 Temporada 1 Estamos muertos
4%
626.990.000 Temporada 1 El agente nocturno
3%
511.920.000 ¿Quién es Ana?
0%
No se encontraron pruebas coincidentes
Distribución de puntuación
Porcentaje de gente con cada puntuación
Porcentaje por número respondido
Historial de tus puntuaciones
No has intentado esta prueba.